Harry Potter - Names by Initials - Statistics

General Stats
  • This quiz has been taken 110 times
  • The average score is 12 of 22
Answer Stats
Initials Answer % Correct
HP Harry Potter
100%
RW Ron Weasley
98%
HG Hermione Granger
97%
LL Luna Lovegood
95%
NL Neville Longbottom
91%
GW Ginny Weasley
89%
H(Pet) Hedwig
70%
DM Draco Malfoy
68%
GG Gregory Goyle
59%
VC Vincent Crabbe
55%
A(Pet) Aragog
51%
TR(V) Ton Riddle (Voldemort)
49%
CC Cho Chang
47%
F(Pet) Fang
43%
B(Pet) Buckbeak
39%
PD Professor Dumbledore
34%
PS Professor Snape
33%
PF Professor Flitwick
30%
PM Professor McGonagall
30%
PH Professor Hagrid
25%
S(Pet) Scabers
15%
C(Pet) Crockshanks
13%
No matching quizzes found
Score Distribution
Percent of People with Each Score
Percentile by Number Answered
Your Score History
You have not taken this quiz